Hidden Element Names - Statistics

General Stats
  • This quiz has been taken 16 times
  • The average score is 11 of 20
Answer Stats
Hint Answer % Correct
Do you have a medium bore on your trumpet bell or a wide bore? Boron
82%
We tried everything we could, but there was nothing that could heal Liam. Helium
82%
Do not go into the crypt on Halloween night unless you want to be frightened! Krypton
82%
On my trip to Indianapolis, I got an Indy umbrella at the gift shop. Indium
73%
I don't know why anyone would need a tongue stencil, but I have one in case! Tungsten
73%
When trying to find the victim of the arson, Ichabod was the most likely candidate. Arsenic
64%
The chromy umpire gear glistened as the sun shined down behind the plate. Chromium
64%
I hit my knee on the corner of the table and now it really hurts! Neon
64%
She is a dangerous, creepy trickster, not a funny, silly con artist. Silicon
64%
I go back for more cookies but they are gone when I get there. Argon
55%
Once you get into the murk, your easy line of sight becomes clouded. Mercury
55%
Have you learned about the famous raid on Harper's Ferry? Radon
55%
I tried to stop precisely on the mark, but unfortunately I went past a teeny bit. Astatine
36%
Burke, Elli, Emmett, and I all went to the movie together. Berkelium
36%
"Hey Siri, um, how do I know if someone likes me?" Cerium
36%
I just rode Iam's new bike to school, and I must say that I am very jealous! Rhodium
36%
I gave my first pet ant a lump of dirt, but the second ant got none. Tantalum
36%
You left the magazine on the table at the dentist's office?! Xenon
36%
When I work for the rich neighbors, I earn 30 dollars per hour. Iron
18%
Don't sell your soul for material gain from the devil on this earth! Sulfur
9%
No matching quizzes found
Score Distribution
Percent of People with Each Score
Percentile by Number Answered
Your Score History
You have not taken this quiz